[Event "Ruhrgebiet Verbandsklasse Gruppe 3 1819"]
[Site "Nordrheinwestfalen"]
[Date "2018.12.02"]
[Round "4.5"]
[White "Sharma, Rakesh"]
[Black "Wendehals, Thomas"]
[Result "0-1"]
[WhiteElo "1849"]
[BlackElo "1748"]
[PlyCount "58"]
[EventDate "2018.09.23"]
[EventType "team-tourn"]
[EventRounds "9"]
[EventCountry "GER"]
[SourceTitle "EXT 2022"]
[Source "ChessBase"]
[SourceDate "2021.10.06"]
[SourceVersion "1"]
[SourceVersionDate "2021.10.06"]
[SourceQuality "1"]
[WhiteTeam "Welper SV II"]
[BlackTeam "Witten"]
[WhiteTeamCountry "GER"]
[BlackTeamCountry "GER"]

1. d4 Nf6 2. Bg5 g6 3. Bxf6 exf6 4. e3 f5 5. Nc3 Bg7 6. Bc4 d6 7. Nge2 c6 8. Nf4 Nd7 9. 0-0 Nf6 10. a4 0-0 11. b4 Bd7 12. Rb1 Qc7 13. Nce2 Rfe8 14. Bb3 Be6 15. Nxe6 fxe6 16. Nf4 d5 17. c4 g5 18. Nh5 Ng4 19. Ng3 h5 20. h3 Nxe3 21. fxe3 Qxg3 22. Qxh5 Qxe3+ 23. Kh1 Qxd4 24. cxd5 cxd5 25. Rbd1 Qh4 26. Qxh4 gxh4 27. Rf4 Bf6 28. g4 hxg3 29. Rg1 Kf7 0-1

[Event "Ruhrgebiet Verbandsklasse Gruppe 3 1415"]
[Site "Germany"]
[Date "2015.03.29"]
[Round "8.5"]
[White "Sharma, Rakesh"]
[Black "Wloka, Sebastian"]
[Result "1-0"]
[WhiteElo "1783"]
[BlackElo "1829"]
[PlyCount "39"]
[EventDate "2014.09.21"]
[EventType "team-tourn"]
[EventRounds "9"]
[EventCountry "GER"]
[SourceTitle "EXT 2022"]
[Source "ChessBase"]
[SourceDate "2021.10.06"]
[SourceVersion "1"]
[SourceVersionDate "2021.10.06"]
[SourceQuality "1"]
[WhiteTeam "Welper SV II"]
[BlackTeam "Eichlinghofen SV"]
[WhiteTeamCountry "GER"]
[BlackTeamCountry "GER"]

1. d4 d5 2. c4 e6 3. Nc3 c6 4. Nf3 Nf6 5. Bg5 h6 6. Bh4 dxc4 7. e4 g5 8. Bg3 b5 9. Qc2 Bb7 10. Be2 Nbd7 11. 0-0 Qb6 12. Ne5 Qxd4 13. Rad1 Qb6 14. Nxf7 Kxf7 15. e5 Nd5 16. Bh5+ Ke7 17. Qg6 c5 18. Qf7+ Kd8 19. Rxd5 exd5 20. Qe8+ 1-0

[Event "Ruhrgebiet Verbandsklasse Gruppe 3 1415"]
[Site "Germany"]
[Date "2015.03.01"]
[Round "7.7"]
[White "Schuetz, Ralf"]
[Black "Sharma, Rakesh"]
[Result "1-0"]
[WhiteElo "1739"]
[BlackElo "1783"]
[PlyCount "125"]
[EventDate "2014.09.21"]
[EventType "team-tourn"]
[EventRounds "9"]
[EventCountry "GER"]
[SourceTitle "EXT 2022"]
[Source "ChessBase"]
[SourceDate "2021.10.06"]
[SourceVersion "1"]
[SourceVersionDate "2021.10.06"]
[SourceQuality "1"]
[WhiteTeam "Boenen SV"]
[BlackTeam "Welper SV II"]
[WhiteTeamCountry "GER"]
[BlackTeamCountry "GER"]

1. e4 c5 2. Nf3 d6 3. d4 cxd4 4. Nxd4 Nf6 5. Nc3 a6 6. h3 e6 7. g4 Nc6 8. Be3 Nxd4 9. Qxd4 e5 10. Qd3 Be6 11. Bg2 Rc8 12. Nd5 Qa5+ 13. c3 Nd7 14. 0-0 Nc5 15. Qd2 Qd8 16. Bg5 f6 17. Bh4 g5 18. Bg3 h5 19. Ne3 hxg4 20. hxg4 Qd7 21. f3 b5 22. Kf2 Kf7 23. b3 Be7 24. Rh1 a5 25. Rxh8 Rxh8 26. Rd1 a4 27. b4 Nb7 28. Bf1 Qc6 29. Kg2 Rc8 30. Be1 Rh8 31. Nd5 Bd8 32. Qd3 Bd7 33. Rc1 Be7 34. Bf2 Nd8 35. c4 Ne6 36. Be3 Nf4+ 37. Nxf4 gxf4 38. cxb5 Qb7 39. Bd2 Be6 40. a3 d5 41. exd5 Bxd5 42. Kf2 Rh2+ 43. Kg1 e4 44. Qd4 Rh4 45. Bc4 Bxc4 46. Qxc4+ Kg7 47. Qc6 Qa7+ 48. b6 Qb8 49. Qc7 Qe8 50. Qxf4 Qd7 51. Qxe4 Qxd2 52. Qxe7+ Kg6 53. Qe8+ Kg5 54. f4+ Kxf4 55. Qb8+ Kg5 56. Rc5+ Kxg4 57. Qg8+ Kf4 58. Qc4+ Kf3 59. Qc3+ Qxc3 60. Rxc3+ Ke2 61. b7 Rg4+ 62. Kh2 Kf2 63. b8Q 1-0

[Event "NRW Verbandsklasse Group2 1314"]
[Site "Nordrheinwestfalen"]
[Date "2013.11.24"]
[Round "4.8"]
[White "Sharma, Rakesh"]
[Black "Wagner, Peter"]
[Result "1-0"]
[WhiteElo "1709"]
[BlackElo "1718"]
[PlyCount "123"]
[EventDate "2013.09.08"]
[EventType "team-tourn"]
[EventRounds "9"]
[EventCountry "GER"]
[SourceTitle "EXT 2020"]
[Source "ChessBase"]
[SourceDate "2019.10.17"]
[SourceVersion "1"]
[SourceVersionDate "2019.10.17"]
[SourceQuality "1"]
[WhiteTeam "Welper SV II"]
[BlackTeam "Mengede SG"]
[WhiteTeamCountry "GER"]
[BlackTeamCountry "GER"]

1. d4 d5 2. c4 e6 3. Nf3 Nf6 4. Bg5 Be7 5. Nc3 a6 6. e3 Nc6 7. Bd3 Nb4 8. 0-0 Nxd3 9. Qxd3 dxc4 10. Qxc4 Bd7 11. Rac1 b5 12. Qb3 0-0 13. Ne5 Be8 14. Rfd1 b4 15. Na4 Nd5 16. Bxe7 Qxe7 17. Nc5 Bb5 18. e4 Nf4 19. Kh1 a5 20. a4 Be8 21. g3 Ng6 22. Nxg6 hxg6 23. d5 Rd8 24. Nb7 Ra8 25. Nc5 e5 26. Qe3 Qf6 27. b3 Qe7 28. f4 Rd8 29. Nb7 Ra8 30. Qc5 Qd7 31. Qxc7 Qg4 32. Rf1 Qe2 33. Qxe5 Bd7 34. Qd4 Rac8 35. Rce1 Qc2 36. Nxa5 Bh3 37. Rf2 Qc3 38. Qd2 Rfd8 39. Rfe2 Qf3+ 40. Kg1 Qc3 41. Qe3 Bg4 42. Qxc3 Rxc3 43. Re3 Rc2 44. Nc6 Re8 45. Nxb4 Rb2 46. Nc6 f6 47. b4 Kf7 48. e5 Bh3 49. e6+ Kg8 50. d6 Rg2+ 51. Kh1 Rd2 52. d7 Bg2+ 53. Kg1 Bxc6 54. dxe8Q+ Bxe8 55. b5 Rb2 56. Rc3 Rb4 57. Rc7 Rxa4 58. Rb1 g5 59. b6 Bg6 60. Rc8+ Kh7 61. e7 Bxb1 62. e8Q 1-0

[Event "Karl Mala Memorial op 10th"]
[Site "Griesheim"]
[Date "2006.07.23"]
[Round "6"]
[White "Sharma, Rakesh"]
[Black "Cohn, Irina"]
[Result "1-0"]
[WhiteElo "1692"]
[BlackElo "2049"]
[PlyCount "67"]
[EventDate "2006.07.20"]
[EventType "swiss"]
[EventRounds "7"]
[EventCountry "GER"]
[SourceTitle "CBM 113 Extra"]
[Source "ChessBase"]
[SourceDate "2006.09.14"]
[SourceVersion "1"]
[SourceVersionDate "2006.09.14"]
[SourceQuality "1"]

1. d4 g6 2. c4 c6 3. Nc3 Bg7 4. Nf3 Nh6 5. e4 0-0 6. Bd3 f6 7. 0-0 d6 8. h3 Nf7 9. d5 c5 10. Nh2 Ne5 11. Be2 f5 12. f4 Nf7 13. Nf3 Na6 14. Bd3 Nc7 15. Re1 e5 16. fxe5 Nxe5 17. Nxe5 Bxe5 18. Bh6 Rf7 19. exf5 Bxf5 20. Bxf5 Rxf5 21. Rf1 Bd4+ 22. Kh1 Rxf1+ 23. Qxf1 Qh4 24. Qf4 Qe7 25. Rf1 Be5 26. Bg5 Qd7 27. Qf3 a6 28. Ne4 Qg7 29. Bf6 Bxf6 30. Qxf6 Ne8 31. Qe6+ Kh8 32. Nxd6 Nxd6 33. Qxd6 Qxb2 34. Rf8+ 1-0

[Event "Karl Mala Memorial op 10th"]
[Site "Griesheim"]
[Date "2006.07.22"]
[Round "4"]
[White "Graebner, Walter"]
[Black "Sharma, Rakesh"]
[Result "1-0"]
[WhiteElo "2077"]
[BlackElo "1692"]
[PlyCount "87"]
[EventDate "2006.07.20"]
[EventType "swiss"]
[EventRounds "7"]
[EventCountry "GER"]
[SourceTitle "CBM 113 Extra"]
[Source "ChessBase"]
[SourceDate "2006.09.14"]
[SourceVersion "1"]
[SourceVersionDate "2006.09.14"]
[SourceQuality "1"]

1. d4 c6 2. e4 d5 3. Nc3 dxe4 4. Nxe4 Nd7 5. Nf3 Ngf6 6. Nxf6+ Nxf6 7. Bc4 e6 8. Bg5 Bd6 9. 0-0 0-0 10. Qe2 b6 11. Ne5 Bb7 12. Qf3 Rc8 13. Ng4 Be7 14. Nxf6+ Bxf6 15. Bxf6 Qxf6 16. Qxf6 gxf6 17. Rad1 Rcd8 18. f4 Rd6 19. f5 Bc8 20. Rd3 exf5 21. Rg3+ Kh8 22. Rf4 Be6 23. Bd3 Rg8 24. Rxg8+ Kxg8 25. a3 Kg7 26. Kf2 a5 27. Ke3 b5 28. Bxf5 Bxf5 29. Rxf5 Kg6 30. Rc5 f5 31. a4 f4+ 32. Kd3 f5 33. axb5 cxb5 34. Rxb5 Kg5 35. Rxa5 Kg4 36. c4 Rf6 37. b4 h5 38. d5 h4 39. Ra2 h3 40. gxh3+ Kxh3 41. Rf2 Kg4 42. c5 Rh6 43. d6 Rh3+ 44. Kd4 1-0

[Event "NRW U25 op"]
[Site "Olpe"]
[Date "2005.10.03"]
[Round "5.2"]
[White "Sharma, Rakesh"]
[Black "Scheider, Julian"]
[Result "0-1"]
[WhiteElo "1528"]
[BlackElo "2185"]
[PlyCount "76"]
[EventDate "2005.10.01"]
[EventType "swiss"]
[EventRounds "7"]
[EventCountry "GER"]
[SourceTitle "CBM 108 Extra"]
[Source "ChessBase"]
[SourceDate "2005.11.04"]
[SourceVersion "1"]
[SourceVersionDate "2005.11.04"]
[SourceQuality "1"]

1. d4 Nf6 2. Bg5 e6 3. e4 c5 4. d5 h6 5. Bxf6 Qxf6 6. dxe6 fxe6 7. c3 Be7 8. Nd2 0-0 9. Ngf3 d6 10. Be2 Nc6 11. 0-0 d5 12. exd5 exd5 13. Qb3 Qf7 14. Rae1 Bd6 15. Ne4 Be7 16. Ng3 Rb8 17. Nd2 Be6 18. Bf3 Rfd8 19. a3 b5 20. Re2 Rd6 21. Rfe1 c4 22. Qc2 Kh8 23. Bh5 Qg8 24. Nf3 Rf8 25. Ne5 Nxe5 26. Rxe5 Bf6 27. R5e2 d4 28. cxd4 Bxd4 29. Bg6 Bd7 30. Bf5 Qd5 31. Bxd7 Rxd7 32. Re8 Rdf7 33. Rxf8+ Rxf8 34. Rf1 a5 35. Ne2 Ba7 36. Nc3 Qg5 37. Qe4 Rxf2 38. Qe8+ Rf8+ 0-1

[Event "NRW U25 op"]
[Site "Olpe"]
[Date "2005.10.02"]
[Round "4.5"]
[White "Wycisk, David"]
[Black "Sharma, Rakesh"]
[Result "0-1"]
[WhiteElo "1490"]
[BlackElo "1528"]
[PlyCount "83"]
[EventDate "2005.10.01"]
[EventType "swiss"]
[EventRounds "7"]
[EventCountry "GER"]
[SourceTitle "CBM 108 Extra"]
[Source "ChessBase"]
[SourceDate "2005.11.04"]
[SourceVersion "1"]
[SourceVersionDate "2005.11.04"]
[SourceQuality "1"]

1. f4 c5 2. e3 e6 3. Nf3 Nf6 4. Be2 Nc6 5. d3 d5 6. 0-0 Bd6 7. Nbd2 Qc7 8. d4 0-0 9. Ne5 cxd4 10. Nxc6 bxc6 11. exd4 Bxf4 12. g3 Be3+ 13. Kg2 Bxd4 14. Nf3 Bb6 15. Bf4 Qe7 16. Ne5 Bb7 17. Bg5 Kh8 18. Bd3 Qd6 19. Rxf6 Qxe5 20. Qh5 g6 21. Qh6 Rae8 22. Raf1 Kg8 23. Bxg6 hxg6 24. R1f4 Qe2+ 25. Kh3 Qh5+ 26. Qxh5 gxh5 27. Bh6 Bd8 28. Bxf8 Bxf6 29. Rxf6 Kxf8 30. Rh6 Kg7 31. Rxh5 Rh8 32. Rxh8 Kxh8 33. Kg4 Kg7 34. h4 f6 35. Kf4 e5+ 36. Ke3 Kg6 37. c3 Bc8 38. b4 Ba6 39. a3 Kh5 40. Kf3 f5 41. Ke3 Kg4 42. Kf2 0-1

[Event "Moehnesee Cup-B"]
[Site "Moehnesee"]
[Date "2005.08.20"]
[Round "5"]
[White "Kissel, Sebastian"]
[Black "Sharma, Rakesh"]
[Result "0-1"]
[WhiteElo "1333"]
[BlackElo "1528"]
[PlyCount "108"]
[EventDate "2005.08.18"]
[EventType "swiss"]
[EventRounds "7"]
[EventCountry "GER"]
[SourceTitle "CBM 108 Extra"]
[Source "ChessBase"]
[SourceDate "2005.11.04"]
[SourceVersion "1"]
[SourceVersionDate "2005.11.04"]
[SourceQuality "1"]

1. d4 c6 2. c4 d5 3. Nc3 Nf6 4. Bf4 g6 5. f3 Bg7 6. e4 dxc4 7. Bxc4 0-0 8. Nge2 Nbd7 9. 0-0 Qb6 10. Qb3 Qxb3 11. Bxb3 Nb6 12. Rfd1 h6 13. Rac1 g5 14. Be5 Nbd7 15. Bxf6 Nxf6 16. h3 b6 17. d5 cxd5 18. Bxd5 Nxd5 19. Rxd5 Ba6 20. Ng3 e6 21. Rd7 Rfd8 22. Rcd1 Rxd7 23. Rxd7 Kf8 24. Kf2 Ke8 25. Rd2 Rc8 26. Nd1 Bb5 27. Ne3 Rd8 28. Rxd8+ Kxd8 29. b3 Bd3 30. Ke1 Bb1 31. a3 Ba2 32. b4 Bb2 33. a4 Bc3+ 34. Ke2 Bxb4 35. Nc2 Bd6 36. Nf1 Bb3 37. Nfe3 Bxa4 38. Nd4 Bc5 39. Kd3 Kd7 40. Nc4 Bxd4 41. Kxd4 f6 42. g3 Kc6 43. Nb2 Bb5 44. f4 gxf4 45. gxf4 h5 46. h4 a5 47. e5 f5 48. Nd1 Ba4 49. Nf2 Bb3 50. Nh1 Bd5 51. Ng3 Bf3 52. Nxf5 exf5 53. e6 Kd6 54. e7 Kxe7 0-1

[Event "Dortmund op-B"]
[Site "Dortmund"]
[Date "2004.07.28"]
[Round "6"]
[White "Ziemek, Gerhard"]
[Black "Sharma, Rakesh"]
[Result "1-0"]
[WhiteElo "1737"]
[BlackElo "1503"]
[PlyCount "73"]
[EventDate "2004.07.??"]
[EventType "swiss"]
[EventRounds "9"]
[EventCountry "GER"]
[SourceTitle "EXT 2006"]
[Source "ChessBase"]
[SourceDate "2005.11.24"]
[SourceVersion "1"]
[SourceVersionDate "2005.11.24"]
[SourceQuality "1"]

1. d4 d5 2. Nc3 f5 3. Nf3 Nf6 4. e3 e6 5. a3 c5 6. b3 Nc6 7. Bb2 cxd4 8. Nxd4 e5 9. Nf3 a6 10. Be2 Be7 11. 0-0 0-0 12. Qd2 e4 13. Nd4 Bd6 14. Rad1 Bc7 15. f4 h6 16. b4 g5 17. fxg5 Qd6 18. g3 Nxd4 19. gxf6 Nxe2+ 20. Nxe2 Be6 21. Nf4 Rad8 22. Qe2 Kh7 23. c4 Qc6 24. Qh5 Bxf4 25. Rxf4 Qe8 26. Qxe8 Rfxe8 27. cxd5 Rxd5 28. Rxd5 Bxd5 29. Rxf5 Bf7 30. Rc5 Rd8 31. Bd4 Rd7 32. Kf2 Kg6 33. g4 Rd6 34. Kg3 b6 35. Rc7 a5 36. bxa5 bxa5 37. h4 1-0

[Event "Ruhrgebiet-ch U18"]
[Site "Muelheim"]
[Date "2003.04.16"]
[Round "7"]
[White "Sharma, Rakesh"]
[Black "Schnelle, Meinhard"]
[Result "0-1"]
[WhiteElo "1424"]
[BlackElo "1772"]
[PlyCount "64"]
[EventDate "2003.04.??"]
[EventType "tourn"]
[EventRounds "7"]
[EventCountry "GER"]
[SourceTitle "EXT 2005"]
[Source "ChessBase"]
[SourceDate "2004.11.15"]
[SourceVersion "1"]
[SourceVersionDate "2004.11.15"]
[SourceQuality "1"]

1. d4 d5 2. c4 Nc6 3. Nc3 dxc4 4. e3 e5 5. Nf3 exd4 6. Nxd4 Nxd4 7. Qxd4 Be6 8. Nb5 Qxd4 9. Nxd4 Bb4+ 10. Bd2 Bxd2+ 11. Kxd2 0-0-0 12. Ke1 Bd5 13. Rc1 c5 14. Bxc4 Ne7 15. b4 b6 16. bxc5 bxc5 17. Ba6+ Kd7 18. Rxc5 Bxg2 19. Rg1 Bd5 20. Rxg7 Bxa2 21. Ra5 Bd5 22. Bb5+ Kd6 23. Rxa7 Ng6 24. e4 Bxe4 25. Rgxf7 Ne5 26. Rfc7 Rc8 27. Rxc8 Rxc8 28. f4 Ng4 29. h3 Ne3 30. Ke2 Nd5 31. f5 Kc5 32. Ba6 Re8 0-1